• 首页
  • 本馆介绍
  • 公告通知
  • 最新文献
  • 馆藏检索
  • 电子资源
  • 读者导购
  • 参考咨询
  • 我的图书馆
  • 登录
  • 详细信息显示
  • 放入我的书架
  • 预约/预借图书
  • 作者相关作品
  • 分类相关作品
  • 丛书相关作品
  • 出版社相关作品

书目信息

  • 表格格式
  • 工作单格式
  • 卡片格式
题名:
制冷与空调
    
 
作者: 徐德胜 , 韩厚德 主编
分册:  
出版信息: 上海   上海交通大学出版社  1998
页数: 463页
开本: 26cm
丛书名: 制冷空调系列书
单 册:
中图分类: TB65 , TB657.2
科图分类:
主题词: 制冷装置--技术教育--教材 , 空气调节设备--技术教育--教材 , 制冷--机械 , 制冷--设备
电子资源:
ISBN: 7-313-01806-1
000 00964nam2 2200337 45
001 0198021367
005 20040520143715.2
010    @a7-313-01806-1@dCNY29.50
100    @a19980417d1998 em y0chiy0121 ea
101 0  @achi
102    @aCN@b310000
105    @ay z 000yy
106    @ar
200 10 @a制冷与空调@Azhi leng yu kong tiao@e原理·结构·操作·维修@f徐德胜,韩厚德主编
205    @a2版
210    @a上海@c上海交通大学出版社@d1998
215    @a463页@d26cm
225 2  @a制冷空调系列书@v1
300    @a国家教委“九五”重点图书规划 (中级)制冷工应知教材
410  0 @120010@a制冷空调系列书
606    @a制冷装置@x技术教育@x教材
606    @a空气调节设备@x技术教育@x教材
606 0  @a制冷@x机械
606 0  @a制冷@x设备
610 2  @a空调
690    @aTB65@v3
690    @aTB657.2
701  0 @a徐德胜@Axu de sheng@4主编
701  0 @a韩厚德@Ahan hou de@4主编
801  0 @aCN@bNLC@c19980504
905    @f2@b283319-320@dTB657.2@e40=2
    
    制冷与空调:原理·结构·操作·维修/徐德胜,韩厚德主编.-2版.-上海:上海交通大学出版社,1998
    463页;26cm.-(制冷空调系列书;1)
    国家教委“九五”重点图书规划 (中级)制冷工应知教材
    
    ISBN 7-313-01806-1:CNY29.50
    
●
相关链接 在E读中查询图书 在五车中查询图书 在当当中查询图书 在豆瓣中查询图书


正题名:制冷与空调     索取号:TB657.2/40=2         预约/预借

序号 登录号 条形码 馆藏地/架位号 状态 备注
1 0283319   002833198   第三借阅区/ [索取号:TB657.2/40=2] 在馆    
2 0283320   002833205   第三借阅区/ [索取号:TB657.2/40=2] 在馆    
3 0283321   002833214   第二样本阅览室/ [索取号:TB657.2/40=2] 在馆    
4 0304325   203043250   第三借阅区/ [索取号:TB657.2/40=2] 在馆    
5 0304326   203043269   第三借阅区/ [索取号:TB657.2/40=2] 在馆    
6 0304327   203043278   第三借阅区/ [索取号:TB657.2/40=2] 在馆    
7 0304328   203043287   第三借阅区/ [索取号:TB657.2/40=2] 在馆    
8 0304329   203043296   第三借阅区/ [索取号:TB657.2/40=2] 在馆    
唐山师范学院图书馆 欢迎您!
大连网信软件有限公司© 版权所有